000 009910000a22001330004500
100 1 _aBecerra, Miguel Alberto.
245 1 0 _aEstudio de factibilidad para el diseño y montaje de un laboratorio remoto como apoyo al componente práctico en el programa de tecnología en electrónica.
300 _ano.11 (sep. , 2009),p.19-29
500 _aUbicación: varios
520 _aEl artículo presenta una revisión del desarrollo de los laboratorios remotos de electrónica en las universidades, introduce al lector en las tecnologías que utilizan éstos sistemas en diferentes áreas de la ingenieria y ciencias de la salud. se describen las aportaciones didácticas en la enseñanza de la electrónica, particularmente sus ventajas y desventajas y se analizan los resultados obtenidos en un estudio de factibilidad de laboratorios remotos para la tecnologia en electrónica en la institución universitaria Salazar y Herrera.
650 1 4 _aINGENIERIA
773 0 _tRevista Quid
942 _cANA
999 _c63034
_d63034